Like a hole in the head (Record no. 29331)

MARC details
000 -LEADER
fixed length control field 00266nam a2200109Ia 4500
082 ## - DEWEY DECIMAL CLASSIFICATION NUMBER
Classification number 82-3
Item number CHA
100 ## - MAIN ENTRY--AUTHOR NAME
Personal name Chase, James Hadley
245 #0 - TITLE STATEMENT
Title Like a hole in the head
260 ## - PUBLICATION, DISTRIBUTION, ETC. (IMPRINT)
Place of publication Herts
Name of publisher Panther
Year of publication 1975
942 ## - ADDED ENTRY ELEMENTS (KOHA)
Koha item type Books
Holdings
Withdrawn status Lost status Damaged status Not for loan Home library Current library Date acquired Full call number Accession Number Koha item type
        RRII Library RRII Library 16/12/2021 82-3 CHA 09920 Books